000 01145nam a22002897a 4500
003 KOHA_MİRAKIL
005 20260511064542.0
008 260507b tu ||||| |||| 00| 0 tur d
020 _a9789755334004
040 _aTR-AnABB
_btur
_cTR-AnABB
041 _atur
082 _a909.03
_bBRA 2004
100 1 _aBraudel, Fernand
245 1 0 _aMaddi uygarlık :
_bmübadele oyunları /
_cFernand Braudel ; Fransızca aslında çeviren : Mehmet Ali Kılıçbay
246 _aEkonomi ve kapitalzm XV - XVIII. yüzyıllar
246 _aMaddi uygarlık
250 _a3. baskı
260 _aAnkara :
_bİmge Kitabevi,
_c2017
300 _a600 sayfa ;
_c20 cm.
500 _aOrjinal eseradı: Civilisation materielle economie et capitalisme
500 _aDizin vardır
505 _aİçindekiler: Mübadele araçları - Pazarların karşısında ekonomi - Üretim veya kapitalizm başkalarının evinde - Kapitalizm kendi evinde - Toplum ya da bütünlerin bütünü
650 0 4 _aUygarlık tarihi, Orta Çağ
700 1 _aKılıçbay, Mehmet Ali
_eçeviren
_93603
900 _bCan ÇELIK
942 _2ddc
_cBK
999 _c10358
_d10358